<?xml version="1.0" encoding="UTF-8"?>
<record
    xmlns:xsi="http://www.w3.org/2001/XMLSchema-instance"
    xsi:schemaLocation="http://www.loc.gov/MARC21/slim http://www.loc.gov/standards/marcxml/schema/MARC21slim.xsd"
    xmlns="http://www.loc.gov/MARC21/slim">

  <leader>02057nam a2200397 i 4500</leader>
  <controlfield tag="001">152971</controlfield>
  <controlfield tag="003">ES-MaACL</controlfield>
  <controlfield tag="005">20250825063338.0</controlfield>
  <controlfield tag="008">931025e1729    sz     |r     001 0 lat  </controlfield>
  <datafield tag="040" ind1=" " ind2=" ">
    <subfield code="a">CAM </subfield>
    <subfield code="b">spa </subfield>
    <subfield code="c">ES-MaACL</subfield>
  </datafield>
  <datafield tag="080" ind1=" " ind2=" ">
    <subfield code="a">34"16"</subfield>
  </datafield>
  <datafield tag="100" ind1="1" ind2=" ">
    <subfield code="a">Carleval, Tom&#xE1;s,</subfield>
    <subfield code="d">1576-1645</subfield>
    <subfield code="e">aut</subfield>
    <subfield code="9">35272</subfield>
  </datafield>
  <datafield tag="245" ind1="1" ind2="0">
    <subfield code="a">D. D. Thomae Carleualii Hispani ... Disputationes iuris variae... :</subfield>
    <subfield code="b">De judiciis</subfield>
  </datafield>
  <datafield tag="246" ind1="1" ind2=" ">
    <subfield code="a">Disputationes iuris variae</subfield>
  </datafield>
  <datafield tag="246" ind1="1" ind2=" ">
    <subfield code="a">D. D. Carleualii De iudiciis de foro competenti, et legitima iudicum potestate, ac de iudiciis in genere, iudicio executiuo, &amp; concurs creditorum</subfield>
  </datafield>
  <datafield tag="250" ind1=" " ind2=" ">
    <subfield code="a">Editio novissima, prioribus emendatior, cui accedit tractatus de judicis de officio</subfield>
  </datafield>
  <datafield tag="260" ind1=" " ind2=" ">
    <subfield code="a">Coloniae Allobrogum : </subfield>
    <subfield code="b">sumptibus Fratrum de Touunes, </subfield>
    <subfield code="c">1729</subfield>
  </datafield>
  <datafield tag="300" ind1=" " ind2=" ">
    <subfield code="a">2 tomos en 1 volumen ([8], XXVI, 308, [32], [4], 244, [64] p&#xE1;ginas) ; </subfield>
    <subfield code="c">Fol.</subfield>
  </datafield>
  <datafield tag="500" ind1=" " ind2=" ">
    <subfield code="a">T&#xED;tulo en anteportada: D. D. Carleualii De iudiciis de foro competenti, et legitima iudicum potestate, ac de iudiciis in genere, iudicio executiuo, &amp; concursu creditorum</subfield>
  </datafield>
  <datafield tag="505" ind1="8" ind2=" ">
    <subfield code="a">T. 2: Continens titulos ultimos de iudiciis in genere, iudicio executiuo, &amp; concursu creditorum; con portada, paginaci&#xF3;n y signaturizaci&#xF3;n propia</subfield>
  </datafield>
  <datafield tag="530" ind1=" " ind2=" ">
    <subfield code="a">Disponible en formato digital </subfield>
  </datafield>
  <datafield tag="596" ind1=" " ind2=" ">
    <subfield code="a">Marca tipogr&#xE1;fica xilogr&#xE1;fica en portadas: Papillon f. </subfield>
  </datafield>
  <datafield tag="597" ind1=" " ind2=" ">
    <subfield code="a">Sign. : [ ]4, 2&#xA7;-4&#xA7;4, 5&#xA7;&#xB9;, A-2D6, 2E8 ; [ ]&#xB9;, A-2B6, 2C4.</subfield>
  </datafield>
  <datafield tag="597" ind1=" " ind2=" ">
    <subfield code="a">Texto a dos columnas</subfield>
  </datafield>
  <datafield tag="597" ind1=" " ind2=" ">
    <subfield code="a">Anteportada </subfield>
  </datafield>
  <datafield tag="597" ind1=" " ind2=" ">
    <subfield code="a">Primera portada a dos tintas </subfield>
  </datafield>
  <datafield tag="599" ind1=" " ind2=" ">
    <subfield code="a">Portada con grabado xilogr&#xE1;fico: "Papillon S."</subfield>
  </datafield>
  <datafield tag="650" ind1=" " ind2="4">
    <subfield code="a">Derecho- </subfield>
    <subfield code="v">Obras anteriores a 1800</subfield>
    <subfield code="9">242017</subfield>
  </datafield>
  <datafield tag="700" ind1="1" ind2=" ">
    <subfield code="a">Papillon, Jean-Michel,</subfield>
    <subfield code="d">1698-1776</subfield>
    <subfield code="e">egr</subfield>
    <subfield code="9">155166</subfield>
  </datafield>
  <datafield tag="752" ind1=" " ind2=" ">
    <subfield code="a">Alemania -</subfield>
    <subfield code="d">Colonia </subfield>
  </datafield>
  <datafield tag="852" ind1="4" ind2=" ">
    <subfield code="a">ES-MaACL</subfield>
    <subfield code="c">DEPO</subfield>
    <subfield code="d">Olim: G-2213  </subfield>
    <subfield code="j">R-1543   </subfield>
    <subfield code="x">Pergamino</subfield>
  </datafield>
  <datafield tag="856" ind1="4" ind2=" ">
    <subfield code="u">https://bdh-rd.bne.es/viewer.vm?id=0000159522&amp;page=1</subfield>
    <subfield code="y">Versi&#xF3;n en l&#xED;nea </subfield>
    <subfield code="z">(Biblioteca Digital Hisp&#xE1;nica)</subfield>
  </datafield>
  <datafield tag="942" ind1=" " ind2=" ">
    <subfield code="c">MONANT</subfield>
    <subfield code="n">0</subfield>
  </datafield>
  <datafield tag="999" ind1=" " ind2=" ">
    <subfield code="c">152971</subfield>
    <subfield code="d">152971</subfield>
  </datafield>
  <datafield tag="952" ind1=" " ind2=" ">
    <subfield code="0">0</subfield>
    <subfield code="1">0</subfield>
    <subfield code="4">0</subfield>
    <subfield code="7">0</subfield>
    <subfield code="8">LIBXVIII</subfield>
    <subfield code="a">ATENEOM</subfield>
    <subfield code="b">ATENEOM</subfield>
    <subfield code="c">DEPO</subfield>
    <subfield code="d">2008-01-17</subfield>
    <subfield code="e">SSC</subfield>
    <subfield code="l">0</subfield>
    <subfield code="o">R-1543</subfield>
    <subfield code="p">1159802</subfield>
    <subfield code="r">2023-02-23 00:00:00</subfield>
    <subfield code="w">2023-02-23</subfield>
    <subfield code="y">MONANT</subfield>
  </datafield>
</record>
